00521nam a22002057a 450000500170000001000130001702000100003003500130004003700160005304000120006908200160008110000170009724500450011425000110015926000430017027000400021330000230025365000150027665000240029120170124110050.0 aA-109344 c55.00 aA-109344 bCen Lib/Ret aDPLbEN a658.15bKUC aKuchhal, S.C aFinancial management /cby S.C. Kuchhal  a8th ed aAllahbad bChaitanya publishing c1982 bAllahbad aUnversity road e211002 axv,624p.c20cm(Hb) aEconomics  aFincial manegement